[Event "FRA-chT4 0506"]
[Site "France"]
[Date "2005.10.02"]
[Round "1"]
[White "Moreau, Fabien"]
[Black "Delorme, Didier"]
[Result "0-1"]
[WhiteElo "1490"]
[BlackElo "1720"]
[PlyCount "102"]
[EventDate "2005.10.02"]
[EventType "team"]
[EventRounds "9"]
[EventCountry "FRA"]
[SourceTitle "EXT 2007"]
[Source "ChessBase"]
[SourceDate "2006.11.23"]
[SourceVersion "1"]
[SourceVersionDate "2006.11.23"]
[SourceQuality "1"]

1. e4 c5 2. Nf3 d6 3. d4 cxd4 4. Nxd4 Nf6 5. Nc3 g6 6. Bg5 Bg7 7. f3 0-0 8. Qd2 Nc6 9. Bc4 Bd7 10. 0-0-0 Qa5 11. Ncb5 Qxd2+ 12. Rxd2 Rfc8 13. Bb3 Ne5 14. Nc3 Nc4 15. Re2 a6 16. Rd1 h6 17. Bh4 g5 18. Bxc4 Rxc4 19. Bf2 Rac8 20. e5 dxe5 21. Rxe5 Kf8 22. Nf5 Bxf5 23. Rxf5 e6 24. Ra5 Nd5 25. Be1 Ke8 26. Ra4 R4c6 27. Ra3 b5 28. Rb3 Nf4 29. g3 Ne2+ 30. Kb1 Nd4 31. Rb4 Nxf3 32. Re4 Nxe1 33. Rexe1 b4 34. Na4 Rxc2 35. Rc1 Rxc1+ 36. Rxc1 Rxc1+ 37. Kxc1 Bd4 38. Kd2 Kd7 39. Kd3 e5 40. Ke4 Ke6 41. g4 f6 42. h3 a5 43. b3 Kd6 44. Kd3 Kd5 45. Kd2 Ke4 46. Ke2 Kf4 47. Kf1 Kg3 48. Ke2 Kxh3 49. Kf3 Kh4 50. Kg2 e4 51. Kh2 e3 0-1